Quest for answers / (Record no. 291013)
[ view plain ]
| 000 -LEADER | |
|---|---|
| fixed length control field | 00407nam a22001457a 4500 |
| 003 - CONTROL NUMBER IDENTIFIER | |
| control field | PILC |
| 005 - DATE AND TIME OF LATEST TRANSACTION | |
| control field | 20160217152901.0 |
| 008 - FIXED-LENGTH DATA ELEMENTS--GENERAL INFORMATION | |
| fixed length control field | 160217b xxu||||| |||| 00| 0 eng d |
| 050 ## - LIBRARY OF CONGRESS CALL NUMBER | |
| Classification number | BV 4461 |
| Item number | .D339 2001 |
| 100 ## - MAIN ENTRY--PERSONAL NAME | |
| Personal name | De Larrazabal, Fernando. |
| 245 ## - TITLE STATEMENT | |
| Title | Quest for answers / |
| Statement of responsibility, etc | Fernando De Larrazabal. |
| 260 ## - PUBLICATION, DISTRIBUTION, ETC. (IMPRINT) | |
| Place of publication, distribution, etc | Makati City : |
| Name of publisher, distributor, etc | St Pauls, |
| Date of publication, distribution, etc | 2001. |
| 300 ## - PHYSICAL DESCRIPTION | |
| Extent | 109 pages ; |
| Dimensions | 21 cm. |
| 942 ## - ADDED ENTRY ELEMENTS (KOHA) | |
| Source of classification or shelving scheme | Library of Congress Classification |
| Koha item type | Books |
| Call number prefix | Local |
| Withdrawn status | Lost status | Source of classification or shelving scheme | Damaged status | Home library | Current library | Shelving location | Date acquired | Source of acquisition | Sub Shelving location | Total Checkouts | Full call number | Barcode | Date last seen | Price effective from | Koha item type |
|---|---|---|---|---|---|---|---|---|---|---|---|---|---|---|---|
| Library of Congress Classification | College Library | College Library | Filipiniana Section | 02/17/2016 | Donation | BV 4461 .D339 2001 | C20378 | 05/08/2018 | 02/17/2016 | Books |